| 000 | 02233cam a22005174i 4500 | ||
|---|---|---|---|
| 003 | PE-LiUPU | ||
| 005 | 20250731173150.0 | ||
| 008 | 150623s2002 flu r 000 0 spa d | ||
| 020 | _a0789908492 | ||
| 020 | _a9780789908490 | ||
| 035 | _a(Sirsi) i9780789908490 | ||
| 040 |
_aPE-LiUPU _bspa _cPE-LiUPU _erda |
||
| 049 | _aPRUA | ||
| 082 | 0 | 4 |
_a232.3 _bB95 _221 |
| 100 | 1 |
_aBuswell, James Oliver, _eautor. |
|
| 245 | 1 | 0 |
_aCristo, su persona y su obra / _cJames Oliver Buswell. |
| 264 | 1 |
_aMiami, Florida : _bEditorial Unilit, _c2002. |
|
| 300 |
_a334 páginas ; _c21 centímetros |
||
| 336 |
_atext _2rdacontent |
||
| 337 |
_aunmediated _2rdamedia |
||
| 338 |
_avolume _2rdacarrier |
||
| 505 | 0 | _aLa persona de Cristo: su divinidad y su humanidad -- La persona de Cristo: su divinidad y su humanidad -- La doctrina de la expiación -- La doctrina de la expiación -- La aplicación de la expiación -- La aplicación de la expiación. | |
| 526 | _aSEG42 | ||
| 526 | _aSEG41 | ||
| 526 | _aSEG40 | ||
| 526 | _aSEG39 | ||
| 526 | _aP94 | ||
| 526 | _aP87 | ||
| 526 | _aP86 | ||
| 526 | _aP85 | ||
| 526 | _aP77 | ||
| 526 | _aP76 | ||
| 526 | _aP35 | ||
| 541 | _g101-011821; | ||
| 600 | 1 | _aJesucristo | |
| 650 | 0 | 4 | _aCristología. |
| 910 |
_adbm _bncf _cncf _d20190528 |
||
| 942 |
_2ddc _cBOOK |
||
| 949 |
_a232.3 B95 _wDEWEY _c1 _i57349 _d2016-5-26 _e2016-5-23 _lCCODEBUL1 _mBUL _n1 _p30.00 _r0 _sY _tBOOK _u2015-6-24 _xTEOLOGIA _PP35 _0COMPRA _o.STAFF. Colección Teología |
||
| 949 |
_a232.3 B95 _wDEWEY _c2 _i53435 _d2016-11-13 _e2016-11-11 _lCCODEBUL1 _mBUL _n1 _p29.00 _r0 _sY _tBOOK _u2015-6-24 _xTEOLOGIA _PP35 _0COMPRA _o.STAFF. Colección Teología |
||
| 994 |
_aC0 _bPEPRU |
||
| 596 | _a1 | ||
| 999 |
_a232.3 B95 _wDEWEY _c35406 _i57349 _d35406 _e2016-5-23 _f2021-11-10 _g5 _lCCODEBUL1 _mBUL _n1 _p30.00 _q1 _r0 _sY _tBOOK _u2015-6-24 _xTEOLOGIA _PP35 _0COMPRA _o.STAFF. Colección Teología |
||
| 999 |
_a232.3 B95 _wDEWEY _c2 _i53435 _d2019-6-13 _e2019-6-10 _f2021-11-10 _g6 _lCCODEBUL1 _mBUL _n5 _p29.00 _q1 _r0 _sY _tBOOK _u2015-6-24 _xTEOLOGIA _PP35 _0COMPRA _o.STAFF. Colección Teología |
||
| 980 |
_81 _gALBERTO SANCHEZ Responsable de Automatización |
||